Tržnica

Saved in:
Bibliographic Details
Main Author: Čapičíková, Ivona (Author)
Other Authors: Alexy, Andrej (Thesis advisor)
Format: Manuscript Book
Language:Slovak
Published: Bratislava 2018
Subjects:
Online Access:http://is.stuba.sk/zp/portal_zp.pl?podrobnosti=120042
Tags: Add Tag
No Tags, Be the first to tag this record!

MARC

LEADER 00000ntm a22000003a 4500
001 stuzp69344
003 SK-STU
005 20210120113603.9
007 ta
008 150427s2015----xo-----f-mn---000-0-slo-d
040 |a STU  |b slo 
041 0 |a slo 
100 1 |a Čapičíková, Ivona  |u 054140  |4 aut  |U FAD Fakulta architektúry  |T FA Ústav konštrukcií v architektúre a inžinierskych stavieb  |X 77064  |U A4140  |Y 395  |7 77064 
242 0 1 |a Market Hall  |y eng 
245 1 0 |a Tržnica 
260 |c 2018  |a Bratislava 
650 4 |a flexibilita  |2 slo 
650 4 |a tržnica  |2 slo 
650 4 |a drevo  |2 slo 
650 4 |a štvorec  |2 slo 
650 4 |a voľný čas  |2 slo 
650 4 |a market  |2 eng 
650 4 |a timber  |2 eng 
650 4 |a flexibility  |2 eng 
650 4 |a square  |2 eng 
650 4 |a spare time  |2 eng 
700 1 |a Alexy, Andrej  |u 054140  |k Z8  |4 ths  |U FAD Fakulta architektúry  |T FA Ústav konštrukcií v architektúre a inžinierskych stavieb  |X 4185  |U A4140  |Y 395  |7 A000004185 
856 4 |u http://is.stuba.sk/zp/portal_zp.pl?podrobnosti=120042  |u https://opac.crzp.sk/?fn=detailBiblioForm&sid=233ADDCA5EB56A1008ED3E31D49A